00801nam a2200169 a 450000100100000000500170001000800410002704000250006808200140009324501840010726000640029130000200035504900090037595201120038495201180049699900170061400003032920200930060233.0110510s1956 dr 000 0 spa d aDO-SdBNPbspacBNPHU axxbH765p00aHomenaje del Poder Judicial de la República al padre de la patria nueva Generalísimo Doctor Rafael Leonidas Trujillo Molina en ocasión del Año del Benefactor de la Patria. aCiudad Trujillo. República Dominicana :bMontalvo,c1956. a12 p. ;c24 cm. aBNPD 0010718PDaPDbPDcCTd2011-05-10iLF1l0oxx H765pp30329-10r2020-06-25w2020-06-25yLFPDZNo se presta 0010718PDaPDbPDcCTd2011-05-10iLF1l0oxx H765pp30329-20r2020-06-25te. 2w2020-06-25yLFPDZNo se presta c29821d29821